Statistiques concernant Les plus grandes villes du Béarn

Cliquez ici pour prendre le quiz!

Statistiques générales

  • Ce quiz a été pris 202 fois
  • Le résultat moyen est 7 sur 13

Statistiques - réponses

PopulationVille du Béarn% Correct
77,500Pau
100%
10,800Oloron-Sainte-Marie
79%
10,000Lescar
74%
10,700Orthez
72%
12,600Lons
68%
7,100Jurançon
60%
6,700Mourenx
51%
5,600Gan
49%
4,600Idron
40%
4,700Bizanos
39%
4,100Morlaàs
39%
4,500Monein
30%
13,300Billière
15%

Distribution des résultats

Percentile par nombre de réponses

% des personnes avec chaque résultat

Votre développement - résultats

Vous n’avez pas pris ce quiz